El libro de Monelle /

Zapisane w:
Opis bibliograficzny
1. autor: Schwob, Marcel (autor)
Format: Książka
Seria:JP; 3
Hasła przedmiotowe:
Etykiety: Dodaj etykietę
Nie ma etykietki, Dołącz pierwszą etykiete!

MARC

LEADER 00000nam^a2200000^a^4500
001 000227058
005 20250521000000.0
009 20260310104228.718
035 |a 045856 
037 |a Acervo Xavier Clavigero 
082 |a 843.  |b SCH 
100 |a Schwob, Marcel  |e (autor) 
245 1 3 |a El libro de Monelle /  |c M. Schwob. 
264 |a México :  |b Juan Pablos,  |c 1976 
300 |a 90p. 
336 |a texto  |b txt  |2 rdacontenido 
337 |a sin mediación  |b n  |2 rdamedio 
338 |a volumen  |b nc  |2 rdasoporte 
440 |a JP;  |v 3 
649 |a XX 
650 |a Novela Francesa 
650 |a Cuentos Franceses 
650 |a Literatura Francesa 
910 |a Fondo General 
920 |a Impresos - Libros 
930 |a Colección General 
940 |a Literatura 
905 |a 101 
901 |a 045856  |b IT1  |c LIT  |i 045856  |u 20250521 
902 |a https://opac.biblio.iteso.mx/vufind/Record/000227058